| 000 | 00557nam a22001577a 4500 | ||
|---|---|---|---|
| 003 | NUST | ||
| 038 | _aNusrat Nadeem | ||
| 082 | _a200 | ||
| 100 |
_aKhan, Muhammad Zeeshan _9125120 |
||
| 245 |
_aInternational Exposure Program (IEP) Visit University of Southampton Malaysia and Pelabuhan Tanjung Pelepas (PTP)/ _cMuhammad Zeeshan Khan, |
||
| 264 |
_aIslamabad: _bNBS NUST. _c2025. |
||
| 690 |
_aEMBA _9122975 |
||
| 700 |
_aSupervisor: Dr. Shujaat Haider Hashmi _9123058 |
||
| 856 | _u http://10.250.8.41:8080/xmlui/handle/123456789/56438 | ||
| 942 |
_2ddc _cSC |
||
| 999 |
_c615451 _d615451 |
||